Nástrahy dnešní doby : [materiály pro výchovné poradce a metodiky prevence na ZŠ a SŠ / vedoucí projektu Blanka Blažková]
Record details
- ISBN: 978-80-87553-22-0 (brož.)
- Physical Description: [72] s.
- Publisher: Praha : Raabe, c2011
Search for related items by subject
| Subject: | výchovné poradenství školní třídy problémoví žáci prevence (sociální problémy) drogy drogová závislost drogová prevence |
| Genre: | metodické příručky |
Search for related items by series
Available copies
- 1 of 1 copy available at Common Catalog SPOK.
Holds
- 0 current holds with 1 total copy.
Show Only Available Copies
| Location | Call Number / Copy Notes | Barcode | Shelving Location | Status | Due Date |
|---|---|---|---|---|---|
| Jabok Library | SPr-3.7.3 | 424480034473 | Odborná literatura | Available | - |
| LDR | 01874nam a22005177a 4500 | ||
|---|---|---|---|
| 001 | 18141 | ||
| 003 | CZ-PrJAB | ||
| 005 | 20140113095650.0 | ||
| 007 | ta | ||
| 008 | 120112s2011 xr | |||| 0 cze d | ||
| 015 | . | ‡acnb002345638 | |
| 020 | . | ‡a978-80-87553-22-0 (brož.) | |
| 035 | . | ‡a(CZ PrSKC)001406356 | |
| 040 | . | ‡aABD005 ‡bcze | |
| 072 | 7. | ‡a364 ‡xSociální problémy vyžadující podporu a pomoc. Sociální zabezpečení ‡2Konspekt ‡918 | |
| 080 | . | ‡a37.048 ‡2MRF | |
| 080 | . | ‡a371.311.5 ‡2MRF | |
| 080 | . | ‡a373.3.011.3-052-056.49 ‡2MRF | |
| 080 | . | ‡a364-212 ‡2MRF | |
| 080 | . | ‡a613.81/.84 ‡2MRF | |
| 080 | . | ‡a364.692-212 ‡2MRF | |
| 080 | . | ‡a(072) ‡2MRF | |
| 245 | 0 | 0. | ‡aNástrahy dnešní doby : ‡b[materiály pro výchovné poradce a metodiky prevence na ZŠ a SŠ / ‡cvedoucí projektu Blanka Blažková] |
| 260 | . | ‡aPraha : ‡bRaabe, ‡cc2011 | |
| 300 | . | ‡a[72] s. | |
| 490 | 1 | . | ‡aDobrá škola. Výchovné poradenství ; ‡v1 |
| 650 | 0 | 7. | ‡avýchovné poradenství ‡7ph127430 ‡2czenas |
| 650 | 0 | 7. | ‡aškolní třídy ‡7ph332181 ‡2czenas |
| 650 | 0 | 7. | ‡aproblémoví žáci ‡7ph274386 ‡2czenas |
| 650 | 0 | 7. | ‡aprevence (sociální problémy) ‡7ph138923 ‡2czenas |
| 650 | 0 | 7. | ‡adrogy ‡7ph119615 ‡2czenas |
| 650 | 0 | 7. | ‡adrogová závislost ‡7ph117184 ‡2czenas |
| 650 | 0 | 7. | ‡adrogová prevence ‡7ph135659 ‡2czenas |
| 655 | 7. | ‡ametodické příručky ‡7fd132826 ‡2czenas | |
| 700 | 1 | . | ‡aBlažková, Blanka ‡4rth |
| 830 | 0. | ‡aDobrá škola. ‡pVýchovné poradenství ; ‡v1 | |
| 910 | . | ‡aABG312 | |
| 901 | . | ‡a18141 ‡b ‡c18141 ‡tbiblio | |